000 00896nam a2200229Ii 4500
003 JO-AjNU
008 230605s9999||||xx |||||||||||||| ||und||
017 _a2003/6/1098
020 _a9957-32-029-7
040 _aJO-AjNU
_bara
_erda
_cJO-AjNU
041 _aara
050 1 4 _aHG221.3.A228 2004
100 3 _aاعداد: علي، عبد المنعم السيد ، نزار سعد الدين العيسى,
_eauthor
_928111
245 0 0 _aالنقود والمصارف والاسواق المالية = Money,Banking& Financial Markets
250 _aط1
264 3 1 _aعمان: دار الحامد للنشر والتوزيع، 2004
300 _a464ص
_bيحتوي على ببلوغرافية من 463-464ص
336 _atext
_btxt
_2rdacontent
337 _aunmediated
_bn
_2rdamedia
338 _avolume
_bnc
_2rdacarrier
650 4 _aالنقود - البنوك - الاقتصاد
_928112
999 _aA10862
_c14430
_d14430